000 00582nam a2200193 a 4500
001 17855
005 20180713211037.0
008 140415s1989 ck 000 0 spa d
041 _aspa
082 _a384.55
_bFOR
100 1 _aFORE, WILLIAM F.
245 1 0 _aTELEVISION Y RELIGION :
_bLA FORMACION DE LA FE, LOS VALORES Y LA CULTURA
250 _a1a ed.
260 _aCOLOMBIA :
_bCONSEJO EPISCOPAL LATINOAMERICANO,
_c1989
300 _a305
490 _aDECOS
_v3
650 1 4 _aCOMUNICACION
_xRELIGION Y CULTURA
_xTELEVISION
700 1 _aLEPELEY, JOAQUIN
_etr.
999 _c17855
_d17855